00621nam a2200181Ia 4500008004000000020001800040082001300058100002000071245007900091250000500170260003400175300001100209650002900220690001500249906001100264999001900275952014500294210210b1998 xxu||||| |||| 00| 0 eng d a81 7446 147 7 a658 BARE aBARAT (Nikhil). aEmerging issues in management a collection of selected case studies. Ed 1. a aNew Delhi.bExcel Booksc1998 avi,232 aCase Studies Companies  aManagement a057270 c104706d104706 00102ddc40708MANaALbALcSSSd2021-02-17eSita Book House, Mangalore.g125.00l0o658 BAREp057270r2021-02-17 00:00:00w2021-02-17yBK